| 000 | 01378nam a2200349 c 4500 | ||
|---|---|---|---|
| 003 | BLK | ||
| 005 | 20240924090504.0 | ||
| 008 | 180411b bul|||||r ||||||| ||bul|| | ||
| 010 | _aKNG00207070000 | ||
| 020 |
_a978-954-733-651-3 _bиздат.: Прозорец |
||
| 040 | _aBLK | ||
| 041 |
_aBUL _cBUL |
||
| 072 | 7 |
_2bullib _aН83 _xЧужда художествена литература Н |
|
| 080 |
_a?Литература на Ангола _b896(673) _x-31 _z896(673)-31 |
||
| 100 | 1 |
_aАгуалуза, Жузе Едуарду _eпърви автор _929504 |
|
| 700 | 1 |
_aКирчева, Даринка _eпрев. _9374142 |
|
| 139 |
_aАгуалуза, Жузе Едуарду _bА 26 |
||
| 245 | 1 | 0 |
_aПродавачът на минало _bРоман _cЖузе Едуарду Агуалуза; прев. Даринка Кирчева. |
| 257 | _aANG | ||
| 260 |
_аСофия _bПрозорец _c2009 _fСофия : Инвестпрес |
||
| 300 |
_a136 с. _c20 см |
||
| 380 | _aX | ||
| 500 | _aОриг. загл. O vendedor de passados / Jose Eduardo Agualusa. | ||
| 653 | _aромани | ||
| 659 | _aН | ||
| 852 | _aЦб 285843 | ||
| 856 | 4 |
_qpdf _u |
|
| 856 | 4 |
_qpdf _u |
|
| 942 |
_cKNG _n0 _03 |
||
| 944 |
_aCR _c26.05.2017 _lГалина Якимова _k30564 |
||
| 944 |
_aED _c08.06.2017 _lф / _kЛюдмила_Стоянова |
||
| 999 |
_c197786 _d197786 |
||